Taste of delhi / (Record no. 68755)
[ view plain ]
| 000 -LEADER | |
|---|---|
| fixed length control field | 00763nam a22002057a 4500 |
| 005 - DATE AND TIME OF LATEST TRANSACTION | |
| control field | 20120727111957.0 |
| 010 ## - LCCN (DPL NO) | |
| LC control number | B-477255 |
| 020 ## - INTERNATIONAL STANDARD BOOK NUMBER | |
| International Standard Book Number | 9788178690803 |
| Terms of availability | 89.00 |
| 035 ## - SYSTEM CONTROL NUMBER | |
| System control number | B-477255 |
| 037 ## - SOURCE OF ACQUISITION | |
| Stock number | dpl |
| 037 ## - SOURCE OF ACQUISITION | |
| Stock number | K.K.Pub/Ven |
| 082 ## - DEWEY DECIMAL CLASSIFICATION NUMBER | |
| Classification number | 641.5636 |
| 100 ## - MAIN ENTRY--PERSONAL NAME | |
| Personal name | Mehta, Nita |
| 245 ## - TITLE STATEMENT | |
| Title | Taste of delhi / |
| Statement of responsibility, etc | by Nita Mehta's |
| 260 ## - PUBLICATION, DISTRIBUTION, ETC. (IMPRINT) | |
| Place of publication, distribution, etc | New Delhi |
| Name of publisher, distributor, etc | Snab Publisher |
| Date of publication, distribution, etc | 2011 |
| 300 ## - PHYSICAL DESCRIPTION | |
| Extent | 102 p. |
| Other physical details | pictures |
| Dimensions | 12cm |
| 942 ## - ADDED ENTRY ELEMENTS (KOHA) | |
| Source of classification or shelving scheme | Dewey Decimal Classification |
| Item type | English Books |
| Call number suffix | MEH |
| Classification part | 641.5636 |
| Withdrawn status | Lost status | Not for loan | Collection code | Home library | Current library | Date acquired | Source of acquisition | Cost, normal purchase price | Full call number | Barcode | Copy number | Cost, replacement price | Koha item type |
|---|---|---|---|---|---|---|---|---|---|---|---|---|---|
| Written-off vide DLB M. No. 383 dt 16.05.19 | Non-fiction | Central Library | Central Library | 09/08/2012 | K.K.Pub/1907/30.3.2012/SP/45/30.03.2012/30.03.2012 | 89.00 | 641.5636 MEH | B-477255 | 1 | 89.00 | English Books |
